00831 2200229 4500001002100000005001700021008004100038035002500079040001200104082001500116084002000131100001800151245017600169260007500345300003200420500003800452504002800490650002900518700002400547850001200571990001800583INLIS00000000001025920150814101615.0  a0010-081500000001697 aYOPDYOG 2616.85a23 aSK 616.85 Dha G aDHANY Wahyudi aGambaran perbedaan tingkat depresi pada lanjut usia laki-laki dan perempuan di Panti Sosial Tresna Wredha unit Budhi Dharma Giwangan Umbulharjo Yogyakartac/ Dhany Wahyudi aYogyakartabSekolah Tinggi Ilmu Kesehatan Wira Husada Yogyakartac2008 axiii, 53 lembarc; 29,5 cm. aSkripsi Program Studi Keperawatan aBibliografi: hlm. 52-53 aDepresi Pada Usia Lanjut aTEDY Candra Lesmana aYOPDYOG a48263-PD/A.15